000 00648nam a2200217Ia 4500
003 GCL
008 140319s9999 xx 000 0 ara d
040 _aGCL /
_cGCL
082 0 4 _a910.202
_bم ج
100 1 _aمحبات الشرابى
245 1 0 _aجغرافية الترويح /
_cمحبات الشرابى
700 1 _aلافرى، باتريك
260 _aالقاهرة :
_bدار الفكر العربى ،
_c1987
300 _a334 ص ؛
_c24 سم
650 0 4 _aالسياحة
650 0 4 _aالجغرافيا
650 0 4 _aالترفيه
650 0 4 _aوقت الفراغ
650 0 4 _aالاستجمام
942 _2ddc
_cBK
999 _c33207
_d33207